000 00379nam a22001577a 4500
005 20200528114551.0
008 200528b xxu||||| |||| 00| 0 eng d
041 _aeng
082 _a340
100 _aBARE ACT
_95744
245 _aTHE MUSLIM WOMEN ACT, 1986 (25 OF 1986)
260 _aDELHI
_bPROFESSIONAL BOOK PUBLISHERS
300 _a9;p
650 _aLAW
_95701
942 _cBK
999 _c6579
_d6577